000 00415 a2200121 4500
001 ART_46120
005 20260410161731.0
008 260409a
245 1 0 _aEl resultado global y la utilidad de la información contable
100 1 _aCasal, María del Carmen
700 1 _aMaestromey, Marcelina
773 0 _tEscritos contables y de administración
_g- Vol. 1, Nº 2 (jul./dic. 2010)
_wREV2758
999 _c17872
_d17872